| 000 | 00762nam a22002057a 4500 | ||
|---|---|---|---|
| 999 |
_c13209 _d13209 |
||
| 003 | AR-CdUCM | ||
| 008 | 190411b ||||| |||| 00| 0 spa d | ||
| 040 |
_aMUNICIPALIDAD PROVINCIAL DEL CUSCO _cBIBLIOTECA MUNICIPAL DEL CUSCO |
||
| 082 |
_a348.621 / _bL681 / 1962 |
||
| 110 |
_aFondo de jubilación obrera _931473 |
||
| 245 |
_aLey de jubilación obrera No. 13640 : _bfolleto de divulgación / |
||
| 260 |
_aLima : _bAtlantida, _c1962. |
||
| 300 |
_a69 páginas ; _bIlustraciones, _c18 cm. |
||
| 505 | _aContenido: Régimen de jubilación obrera -- Disposiciones legales sobre jubilación obrera. | ||
| 650 |
_aDerecho _9739 |
||
| 650 |
_aLey de jubilación _931474 |
||
| 650 |
_aObreros el Perú _931475 |
||
| 942 |
_2ddc _cFOLLETOS |
||
| 945 |
_adavv _d11/04/2019 |
||